| 000 | 00526nam a22001937a 4500 | ||
|---|---|---|---|
| 003 | OSt | ||
| 005 | 20180116183023.0 | ||
| 008 | 151126b xxu||||| |||| 00| 0 eng d | ||
| 020 | _a0 | ||
| 040 | _c0 | ||
| 082 | _a813.54 TAN 1975 | ||
| 100 | _aPeter Tanous & Paul robinstein | ||
| 245 |
_aThe Petro-Dollar Takeover _cPeter Tanous & Paul robinstein |
||
| 260 |
_aLondon _bArrow Books _c1975 |
||
| 300 |
_a253 p. _bPB |
||
| 440 | _aThe Petro-Dollar Takeover | ||
| 600 | _aPeter Tanous & Paul robinstein | ||
| 942 |
_2ddc _cBK |
||
| 999 |
_c350647 _d350647 |
||